[Event "Belgrade-chT"]
[Site "Belgrade"]
[Date "2015.09.21"]
[Round "1.4"]
[White "Kovacevic, Marjan D"]
[Black "Jankovic, Janko"]
[Result "0-1"]
[WhiteElo "2213"]
[BlackElo "1956"]
[PlyCount "62"]
[EventDate "2015.09.21"]
[EventType "team-tourn"]
[EventRounds "9"]
[EventCountry "SRB"]
[SourceTitle "CBM 168 Extra"]
[Source "ChessBase"]
[SourceDate "2015.10.29"]
[SourceVersion "1"]
[SourceVersionDate "2015.10.29"]
[SourceQuality "1"]
[WhiteTeam "Belgrade"]
[BlackTeam "Mirijevo"]
[WhiteTeamCountry "SRB"]
[BlackTeamCountry "SRB"]

1. d4 Nf6 2. Nf3 e6 3. e3 b6 4. Bd3 Ba6 5. c4 d5 6. b3 Bb4+ 7. Nbd2 0-0 8. 0-0 c5 9. Bb2 Nc6 10. a3 Bxd2 11. Qxd2 dxc4 12. bxc4 cxd4 13. exd4 Na5 14. Qe2 Rc8 15. Rac1 Re8 16. Rfd1 Re7 17. Ne5 Rec7 18. Rc2 Qe7 19. f4 Ne8 20. Rf1 f6 21. Bxh7+ Kxh7 22. Qh5+ Kg8 23. Rc3 Nxc4 24. Ng6 Qd6 25. Rh3 Nxb2 26. Qh8+ Kf7 27. Ne5+ Ke7 28. Ng6+ Kd8 29. Re1 Qxd4+ 30. Kh1 Rc1 31. Qh4 Qd2 0-1

[Event "Belgrade-chT"]
[Site "Belgrade"]
[Date "2014.10.05"]
[Round "2"]
[White "Stekic, Zlativoje"]
[Black "Jankovic, Janko"]
[Result "1-0"]
[WhiteElo "2122"]
[BlackElo "1945"]
[PlyCount "90"]
[EventDate "2014.10.04"]
[EventType "team-tourn"]
[EventRounds "13"]
[EventCountry "SRB"]
[SourceTitle "EXT 2015"]
[Source "ChessBase"]
[SourceDate "2014.11.20"]
[SourceVersion "1"]
[SourceVersionDate "2014.11.20"]
[SourceQuality "1"]

1. Nf3 f5 2. d4 Nf6 3. c4 e6 4. Nc3 d5 5. Bf4 Bd6 6. Bg5 c6 7. Ne5 0-0 8. e3 Qe8 9. Bxf6 Rxf6 10. Be2 Nd7 11. f4 Rh6 12. c5 Bc7 13. b4 Nf6 14. Nf3 Ng4 15. Qc1 Bd8 16. h3 a5 17. b5 b6 18. 0-0 Qg6 19. hxg4 fxg4 20. Ne5 Rh1+ 21. Kxh1 Qh6+ 22. Kg1 g3 23. Ng4 Qh4 24. Qe1 e5 25. Rf3 exf4 26. exf4 Bxg4 27. Qxg3 Qh5 28. Re3 Bxe2 29. Nxe2 bxc5 30. Qh3 Qxh3 31. Rxh3 cxb5 32. dxc5 Bf6 33. Rb1 b4 34. Rd3 d4 35. Kf2 Re8 36. Rc1 a4 37. c6 g5 38. g3 gxf4 39. Nxf4 Kf7 40. Nd5 Bg5 41. Rc5 b3 42. axb3 a3 43. Rxd4 a2 44. Rd1 Ke6 45. Nc3 Bd2 1-0

[Event "Belgrade City-chT"]
[Site "Belgrade"]
[Date "2013.11.12"]
[Round "8"]
[White "Jankovic, Janko"]
[Black "Djalovic, Velizar"]
[Result "1/2-1/2"]
[WhiteElo "1883"]
[BlackElo "2113"]
[PlyCount "87"]
[EventDate "2013.10.26"]
[EventType "team-tourn"]
[EventRounds "11"]
[EventCountry "SRB"]
[SourceTitle "EXT 2015"]
[Source "ChessBase"]
[SourceDate "2014.11.20"]
[SourceVersion "1"]
[SourceVersionDate "2014.11.20"]
[SourceQuality "1"]

1. e4 d5 2. exd5 Qxd5 3. Nc3 Qd8 4. Bc4 Nf6 5. Nf3 e6 6. 0-0 Be7 7. Re1 0-0 8. d4 Nbd7 9. Qe2 Nb6 10. Bd3 h6 11. Ne4 Nbd7 12. Bf4 Re8 13. Ne5 Nf8 14. Rad1 c6 15. Nxf6+ Bxf6 16. Qh5 Bxe5 17. dxe5 Qe7 18. Re3 Ng6 19. Bxg6 fxg6 20. Qxg6 Qf7 21. Qxf7+ Kxf7 22. Rd6 a5 23. Ra3 Ra6 24. Bd2 a4 25. Rf3+ Kg8 26. Bb4 Rb6 27. a3 Rb5 28. Re3 Rd5 29. c4 Rxd6 30. exd6 Bd7 31. c5 Rf8 32. Rf3 Rxf3 33. gxf3 Kf7 34. Kf1 g5 35. Bc3 Kg6 36. Be5 Kf5 37. Bd4 e5 38. Be3 Ke6 39. Ke2 Be8 40. Kd3 Bh5 41. Kc4 Bxf3 42. Kb4 Bd1 43. Ka5 Kd7 44. Kb6 1/2-1/2

[Event "Belgrade City-chT"]
[Site "Belgrade"]
[Date "2013.11.02"]
[Round "3"]
[White "Jankovic, Janko"]
[Black "Radoicic, Dejan"]
[Result "1/2-1/2"]
[WhiteElo "1883"]
[BlackElo "2154"]
[PlyCount "79"]
[EventDate "2013.10.26"]
[EventType "team-tourn"]
[EventRounds "11"]
[EventCountry "SRB"]
[SourceTitle "EXT 2015"]
[Source "ChessBase"]
[SourceDate "2014.11.20"]
[SourceVersion "1"]
[SourceVersionDate "2014.11.20"]
[SourceQuality "1"]

1. e4 c5 2. Nc3 Nc6 3. g3 g6 4. Bg2 Bg7 5. d3 Nf6 6. f4 d6 7. h3 e5 8. Nf3 Nh5 9. Ne2 exf4 10. gxf4 0-0 11. c3 f5 12. Qb3+ Kh8 13. Be3 fxe4 14. dxe4 Qe7 15. Qc4 Be6 16. Qd3 Rad8 17. Ng5 Bg8 18. Bf3 Nxf4 19. Bxf4 Rxf4 20. Nxf4 Qxg5 21. Nd5 Ne5 22. Qe3 Qg3+ 23. Ke2 Bxd5 24. exd5 Nxf3 25. Rhf1 Qg2+ 26. Rf2 Ng1+ 27. Rxg1 Qxg1 28. Rf8+ Rxf8 29. Qxg1 Be5 30. Qg4 Kg7 31. a4 Rf5 32. b4 b6 33. Kd3 h5 34. Qe2 cxb4 35. cxb4 Rf4 36. Kc2 Rxb4 37. Qa6 Rb2+ 38. Kd3 Kh6 39. Qxa7 Rb4 40. Ke2 1/2-1/2

[Event "Belgrade City-chT"]
[Site "Belgrade"]
[Date "2013.10.26"]
[Round "1"]
[White "Bakovic, Nebojsa"]
[Black "Jankovic, Janko"]
[Result "0-1"]
[WhiteElo "2063"]
[BlackElo "1883"]
[PlyCount "92"]
[EventDate "2013.10.26"]
[EventType "team-tourn"]
[EventRounds "11"]
[EventCountry "SRB"]
[SourceTitle "EXT 2015"]
[Source "ChessBase"]
[SourceDate "2014.11.20"]
[SourceVersion "1"]
[SourceVersionDate "2014.11.20"]
[SourceQuality "1"]

1. c4 f5 2. Nc3 Nf6 3. Nf3 e6 4. g3 d5 5. cxd5 exd5 6. d4 c6 7. Bg2 Bd6 8. 0-0 0-0 9. Bg5 Qe8 10. Bxf6 Rxf6 11. e3 Nd7 12. Nh4 Qf7 13. f4 Rh6 14. Qd3 Nf8 15. Rf2 Be6 16. Nf3 Qh5 17. Bf1 Nd7 18. Ne5 Nf6 19. Be2 Qe8 20. Rb1 Ne4 21. Rg2 Bxe5 22. dxe5 Qe7 23. g4 fxg4 24. Nxe4 Bf5 25. Nf6+ Rxf6 26. exf6 Bxd3 27. fxe7 Bxb1 28. Bxg4 Kf7 29. Bd7 Kxe7 30. Rxg7+ Kf6 31. Rg5 Rd8 32. Bh3 d4 33. Re5 d3 34. Bg4 Rg8 35. Rg5 Rxg5 36. fxg5+ Kxg5 37. Bf3 Bxa2 38. Kf2 Bd5 39. e4 Bc4 40. Ke3 c5 41. Bd1 a5 42. b3 Bb5 43. h4+ Kf6 44. Kf4 c4 45. bxc4 Bxc4 46. e5+ Ke7 0-1

[Event "Belgrade tt Cup"]
[Site "Belgrade"]
[Date "2013.04.18"]
[Round "2"]
[White "Jankovic, Janko"]
[Black "Stanimirovic, Milos"]
[Result "1/2-1/2"]
[WhiteElo "1881"]
[BlackElo "1987"]
[PlyCount "48"]
[EventDate "2013.04.17"]
[EventType "team-swiss"]
[EventRounds "5"]
[EventCountry "SRB"]
[SourceTitle "EXT 2015"]
[Source "ChessBase"]
[SourceDate "2014.11.20"]
[SourceVersion "1"]
[SourceVersionDate "2014.11.20"]
[SourceQuality "1"]

1. e4 d5 2. exd5 Qxd5 3. Nc3 Qd6 4. Bc4 Nf6 5. Nf3 a6 6. 0-0 e6 7. Re1 Be7 8. d4 b5 9. Bd3 Bb7 10. Ne4 Nxe4 11. Bxe4 Bxe4 12. Rxe4 0-0 13. Bf4 Qb6 14. Qe2 Rd8 15. Rd1 Nd7 16. Ng5 Nf6 17. Nxe6 fxe6 18. Rxe6 Bd6 19. Rxf6 gxf6 20. Qe6+ Kg7 21. Bh6+ Kxh6 22. Qxf6+ Kh5 23. Qf5+ Kh6 24. Qf6+ Kh5 1/2-1/2

[Event "SCG-ch U16"]
[Site "Niska Banja"]
[Date "2004.??.??"]
[Round "7"]
[White "Jankovic, Janko"]
[Black "Jovanovic, Ivan"]
[Result "1-0"]
[WhiteElo "1905"]
[BlackElo "1998"]
[PlyCount "31"]
[EventDate "2004.04.??"]
[EventType "swiss"]
[EventRounds "9"]
[EventCountry "YUG"]
[SourceTitle "CBM 099 Extra"]
[Source "ChessBase"]
[SourceDate "2004.05.04"]
[SourceVersion "1"]
[SourceVersionDate "2004.05.04"]
[SourceQuality "1"]

1. e4 d5 2. exd5 Qxd5 3. Nc3 Qd6 4. d4 Nf6 5. Nf3 Bf5 6. g3 c6 7. Bf4 Qd8 8. Bg2 e6 9. 0-0 Nbd7 10. Re1 Nd5 11. Nxd5 cxd5 12. Nh4 Be4 13. Bxe4 dxe4 14. Rxe4 g5 15. Rxe6+ Be7 16. Bxg5 1-0